|
|
|
|
| LEADER |
00000cam a2200000 i 4500 |
| 001 |
1/26635 |
| 008 |
060321s1962 gre d |
| 035 |
|
|
|l 10083207
|
| 040 |
|
|
|a GR-MY-UA
|b gre
|e aacr
|
| 041 |
1 |
|
|a gre
|h fre
|
| 082 |
0 |
|
|a 194
|2 (22)
|
| 100 |
1 |
|
|a Bergson, Henri
|d 1859-1941.
|
| 245 |
1 |
0 |
|a Εισαγωγή στη φιλοσοφία /
|c Ερρίκου Μπέρξον ; μετάφραση Κ. Παπαλεξάνδρου
|
| 260 |
|
|
|a Αθήνα :
|b Δίφρος,
|c 1962
|
| 300 |
|
|
|a 65 σ.;
|c 23 εκ.
|
| 500 |
|
|
|a Με: Βιολογία και φιλοσοφία / Κωστή Μεραναίου. - Ορθοδοξία και οικουμενική κίνησις / Ευαγγέλου Δ. Θεοδώρου. - Το κατά Θεοφάνην ευαγγέλιον / Θεοφάνης Μπογιάννος
|
| 500 |
|
|
|a Το τεκμήριο περιλαμβάνει το τεύχος Θ' (9) του περιοδικού Απόστολος Τίτος και το τεύχος 9 του περιοδικού Ελληνική Φιλοσοφική Θεώρηση
|
| 600 |
1 |
0 |
|a Bergson Henri
|d 1859-1941.
|
| 650 |
0 |
0 |
|a Philosophy, French
|y 19th century.
|
| 650 |
0 |
0 |
|a First philosophy.
|
| 700 |
1 |
|
|a Παπαλεξάνδρου, Κωνσταντίνος Θ.,
|d 1891-1978.
|4 trl
|
| 852 |
|
|
|a INST
|b RHODES
|c KRI
|e 20060321
|h 194 BER
|p 005400027526
|q 005400027526
|t BK
|y 0
|
| 901 |
|
|
|a BIBL4-2006-1
|
| 909 |
|
|
|a Ρ
|b 122685
|
| 970 |
|
|
|a ΚΟΖΑ
|b ΜΑΡΙΑ
|z 2006/03/21
|